[Event "Titled Tuesday intern op 2nd May"]
[Site "Chess.com INT"]
[Date "2015.05.05"]
[Round "8"]
[White "Maidel, Anton"]
[Black "Dzhumaev, Almir"]
[Result "1-0"]
[WhiteElo "2354"]
[BlackElo "2143"]
[PlyCount "73"]
[EventDate "2015.05.05"]
[EventType "swiss (blitz)"]
[EventRounds "9"]
[EventCountry "USA"]
[SourceTitle "EXT 2021"]
[Source "ChessBase"]
[SourceDate "2020.10.23"]
[SourceVersion "1"]
[SourceVersionDate "2020.10.23"]
[SourceQuality "1"]

1. d4 Nf6 2. Bg5 Ne4 3. Bf4 g5 4. Bc1 h6 5. g3 d5 6. Bg2 Bf5 7. Nf3 Bg7 8. c3 Nd7 9. Nbd2 Ndf6 10. Ne5 c6 11. f3 Nxd2 12. Qxd2 Qb6 13. h4 g4 14. 0-0 gxf3 15. exf3 e6 16. g4 Bh7 17. Qf4 0-0 18. Rf2 Rad8 19. Be3 Nd7 20. g5 Nxe5 21. dxe5 hxg5 22. Qxg5 Qc7 23. f4 Kh8 24. Qh5 Rg8 25. Kh1 f5 26. exf6 Bxf6 27. Bh3 Qe7 28. Re1 b6 29. Bd4 Rd6 30. Be5 Bxe5 31. Qxe5+ Rg7 32. Rg2 Rd7 33. Rg5 Qf8 34. Bxe6 Rde7 35. f5 Rxe6 36. Qxe6 Re7 37. Qxe7 1-0

[Event "Titled Tuesday intern op 7th April"]
[Site "Chess.com INT"]
[Date "2015.04.07"]
[Round "4"]
[White "Protopopova, Anastasiya"]
[Black "Dzhumaev, Almir"]
[Result "0-1"]
[WhiteElo "2100"]
[BlackElo "2136"]
[PlyCount "116"]
[EventDate "2015.04.07"]
[EventType "swiss (blitz)"]
[EventRounds "9"]
[EventCountry "USA"]
[SourceTitle "EXT 2021"]
[Source "ChessBase"]
[SourceDate "2020.10.23"]
[SourceVersion "1"]
[SourceVersionDate "2020.10.23"]
[SourceQuality "1"]

1. Nf3 Nf6 2. c4 e6 3. Nc3 d5 4. d4 Be7 5. Bf4 0-0 6. e3 b6 7. cxd5 exd5 8. Bd3 c5 9. 0-0 c4 10. Bc2 Bg4 11. h3 Bh5 12. e4 dxe4 13. Nxe4 Nd5 14. Bd2 Nc6 15. Ng3 Bxf3 16. Qxf3 Nxd4 17. Bxh7+ Kxh7 18. Qe4+ f5 19. Qxd4 Bf6 20. Qxc4 Rc8 21. Qb3 Ne7 22. Rad1 Qc7 23. Rfe1 g6 24. Bb4 Rce8 25. Bd6 Qb7 26. Rc1 Kh6 27. Rc7 Qd5 28. Bxe7 Qxb3 29. axb3 Rf7 30. Rxa7 Rfxe7 31. Raxe7 Rxe7 32. Rxe7 Bxe7 33. Ne2 Bb4 34. Nc3 Kg5 35. Kf1 Bc5 36. Ke2 Kf4 37. g3+ Ke5 38. f4+ Kd4 39. Nb5+ Kd5 40. Kf3 Bf8 41. g4 Bg7 42. Nc3+ Kc5 43. gxf5 gxf5 44. h4 Kb4 45. Nd5+ Kc5 46. Ne7 Bxb2 47. Nxf5 Kb4 48. h5 Kxb3 49. h6 b5 50. h7 Bh8 51. Ke4 b4 52. Ne3 Ka2 53. Nc4 Kb3 54. Na5+ Ka4 55. Nc6 b3 56. Nd4 b2 57. Ne2 b1Q+ 58. Kf3 Qxh7 0-1

[Event "Titled Tuesday intern op 30th Dec"]
[Site "Chess.com INT"]
[Date "2014.12.30"]
[Round "4"]
[White "Dzhumaev, Almir"]
[Black "Bakr, Hapez"]
[Result "1-0"]
[WhiteElo "2196"]
[BlackElo "1769"]
[PlyCount "87"]
[EventDate "2014.12.30"]
[EventType "swiss (blitz)"]
[EventRounds "9"]
[EventCountry "USA"]
[SourceTitle "EXT 2021"]
[Source "ChessBase"]
[SourceDate "2020.10.23"]
[SourceVersion "1"]
[SourceVersionDate "2020.10.23"]
[SourceQuality "1"]

1. e4 c5 2. Nc3 d6 3. g3 Nf6 4. Bg2 g6 5. d3 Bg7 6. Be3 Nc6 7. h3 h5 8. Qd2 Bd7 9. f4 Rc8 10. Nge2 e5 11. 0-0 Nd4 12. fxe5 dxe5 13. Bg5 Rc6 14. Nd5 Bc8 15. Nec3 Qa5 16. Nxf6+ Bxf6 17. Bxf6 0-0 18. Bxe5 f6 19. Bxd4 cxd4 20. Nb1 Qxd2 21. Nxd2 Rxc2 22. Rf2 Rxb2 23. Nb3 Rxf2 24. Kxf2 Rd8 25. Rc1 Be6 26. Rc7 Rd7 27. Rxd7 Bxd7 28. Nxd4 Kf7 29. Ke3 Ke7 30. h4 Kd6 31. Bf3 Kc5 32. Bd1 b5 33. Bb3 g5 34. Bf7 Bg4 35. Ne6+ Kd6 36. Nd4 gxh4 37. gxh4 Kc5 38. Nf5 a5 39. a3 b4 40. a4 Bd1 41. d4+ Kb6 42. Kd2 Bxa4 43. Bxh5 b3 44. Kc3 1-0

[Event "Titled Tuesday intern op 30th Dec"]
[Site "Chess.com INT"]
[Date "2014.12.30"]
[Round "8"]
[White "Dzhumaev, Almir"]
[Black "Klein, David"]
[Result "1-0"]
[WhiteElo "2196"]
[BlackElo "2514"]
[PlyCount "115"]
[EventDate "2014.12.30"]
[EventType "swiss (blitz)"]
[EventRounds "9"]
[EventCountry "USA"]
[SourceTitle "EXT 2021"]
[Source "ChessBase"]
[SourceDate "2020.10.23"]
[SourceVersion "1"]
[SourceVersionDate "2020.10.23"]
[SourceQuality "1"]

1. e4 g6 2. Nc3 Bg7 3. d3 a6 4. g3 b5 5. Bg2 Bb7 6. Be3 e6 7. Qd2 h5 8. h3 Ne7 9. f4 d6 10. Nf3 Nd7 11. 0-0 b4 12. Nd1 a5 13. c3 c5 14. Rb1 Qc7 15. Re1 c4 16. Nd4 0-0 17. dxc4 Qxc4 18. b3 bxc3 19. Qxc3 Qxc3 20. Nxc3 Nc5 21. Ndb5 Rfd8 22. Red1 Ba6 23. Rxd6 Rxd6 24. Nxd6 Nd3 25. e5 Rb8 26. Ba7 Rb4 27. a3 Rxf4 28. gxf4 Nxf4 29. Bd4 Nxg2 30. Kxg2 Nc6 31. Ncb5 Nxd4 32. Nxd4 Bxe5 33. N4b5 Kf8 34. Rc1 g5 35. Rc6 Bxd6 36. Nxd6 Bd3 37. Rc7 Bg6 38. b4 axb4 39. axb4 Kg7 40. b5 Kf6 41. b6 Ke5 42. Nxf7+ Kf6 43. b7 Be4+ 44. Kg3 Bxb7 45. Rxb7 e5 46. Nd6 Ke6 47. Ne4 Kf5 48. Kf3 g4+ 49. hxg4+ hxg4+ 50. Ke3 g3 51. Nxg3+ Kg4 52. Ne4 Kf5 53. Rb6 Kg4 54. Rf6 Kh5 55. Rf5+ Kg4 56. Rxe5 Kh4 57. Kf3 Kh3 58. Rh5# 1-0

[Event "Moscow op-C"]
[Site "Moscow"]
[Date "2011.02.06"]
[Round "9"]
[White "Shvydkin, Pavel"]
[Black "Dzhumaev, Almir"]
[Result "1/2-1/2"]
[WhiteElo "2064"]
[BlackElo "2226"]
[PlyCount "103"]
[EventDate "2011.01.29"]
[EventType "swiss"]
[EventRounds "9"]
[EventCountry "RUS"]
[SourceTitle "EXT 2012"]
[Source "ChessBase"]
[SourceDate "2011.11.24"]
[SourceVersion "1"]
[SourceVersionDate "2011.11.24"]
[SourceQuality "1"]

1. e4 e5 2. Nf3 Nc6 3. Bb5 a6 4. Bxc6 dxc6 5. d4 exd4 6. Qxd4 Qxd4 7. Nxd4 Bd7 8. Be3 0-0-0 9. Nc3 Re8 10. 0-0-0 Bb4 11. Nde2 Ne7 12. h3 h5 13. Rhf1 Ng6 14. f4 f6 15. Rf3 Rh7 16. Bf2 Nh8 17. Rfd3 Re7 18. Bg3 Nf7 19. a3 Bd6 20. Rf1 Rh8 21. Nd4 c5 22. Nf3 c4 23. Rd4 b5 24. Re1 Bc6 25. Nh4 Ree8 26. Nf5 Bc5 27. Rd2 Rhg8 28. Nd5 Bf8 29. Nc3 Bd7 30. Nd4 Bd6 31. Rde2 g5 32. Nd5 Be7 33. Nf5 Bd8 34. fxg5 Bxf5 35. exf5 Rxe2 36. Rxe2 Rxg5 37. Bxc7 Bxc7 38. Nxc7 Kxc7 39. Re7+ Kc6 40. Rxf7 Rxf5 41. Kd2 a5 42. Kc3 Kc5 43. b4+ cxb3 44. cxb3 Rg5 45. b4+ axb4+ 46. axb4+ Kd5 47. Rd7+ Ke4 48. Rd4+ Ke3 49. g4 hxg4 50. hxg4 Kf3 51. Rd6 Rxg4 52. Rxf6+ 1/2-1/2

[Event "Moscow op-C"]
[Site "Moscow"]
[Date "2011.02.04"]
[Round "7"]
[White "Anfinogenov, Artem"]
[Black "Dzhumaev, Almir"]
[Result "1/2-1/2"]
[WhiteElo "2068"]
[BlackElo "2226"]
[PlyCount "103"]
[EventDate "2011.01.29"]
[EventType "swiss"]
[EventRounds "9"]
[EventCountry "RUS"]
[SourceTitle "EXT 2012"]
[Source "ChessBase"]
[SourceDate "2011.11.24"]
[SourceVersion "1"]
[SourceVersionDate "2011.11.24"]
[SourceQuality "1"]

1. e4 e5 2. Nf3 Nc6 3. d4 exd4 4. Nxd4 Bc5 5. Nxc6 Qf6 6. Qf3 Qxf3 7. gxf3 bxc6 8. Nc3 Rb8 9. Bc4 Ne7 10. Be3 Bb6 11. 0-0-0 d6 12. Rhg1 Ng6 13. a4 Be6 14. Be2 f5 15. h4 0-0 16. h5 Bxe3+ 17. fxe3 Ne5 18. f4 Nd7 19. exf5 Bxf5 20. e4 Be6 21. f5 Bf7 22. Rg2 Kh8 23. Rdg1 Rg8 24. Bd1 Nf6 25. Rh2 Rbe8 26. Bf3 Re5 27. Ne2 Nxe4 28. Nf4 Nf6 29. Ng6+ Bxg6 30. hxg6 h6 31. Bxc6 Rc5 32. Bb5 Rxf5 33. Re2 Re5 34. Rxe5 dxe5 35. Re1 e4 36. Re3 Rd8 37. b4 Kg8 38. Rc3 Nd5 39. Bc4 Kf8 40. Bxd5 Rxd5 41. a5 Rd6 42. Rxc7 e3 43. Rf7+ Ke8 44. Rf3 Re6 45. Kd1 Rxg6 46. Rxe3+ Kd7 47. Re5 Kd6 48. Rc5 Re6 49. c4 a6 50. Kd2 g5 51. Rd5+ Kc6 52. Rd8 1/2-1/2

[Event "Moscow-ch sf"]
[Site "Moscow"]
[Date "2010.03.18"]
[Round "8"]
[White "Dzhumaev, Almir"]
[Black "Stukopin, Andrey"]
[Result "0-1"]
[WhiteElo "2196"]
[BlackElo "2423"]
[PlyCount "68"]
[EventDate "2010.03.06"]
[EventType "swiss"]
[EventRounds "9"]
[EventCountry "RUS"]
[SourceTitle "CBM 135 Extra"]
[Source "ChessBase"]
[SourceDate "2010.05.04"]
[SourceVersion "1"]
[SourceVersionDate "2010.05.04"]
[SourceQuality "1"]

1. e4 c5 2. Nc3 e6 3. g3 d5 4. exd5 exd5 5. d4 Nf6 6. Bg5 cxd4 7. Bxf6 Qxf6 8. Nxd5 Qe6+ 9. Qe2 Bd6 10. 0-0-0 Nc6 11. Bg2 0-0 12. Qd2 Qf5 13. Re1 Be6 14. Be4 Qh5 15. Qe2 Qh6+ 16. f4 Rad8 17. Qg2 Qh5 18. Ne2 Bxd5 19. Bxd5 Bb4 20. Bxc6 Bxe1 21. Be4 Qa5 22. a3 Rd6 23. g4 Re8 24. Ng3 g6 25. Kd1 Bxg3 26. hxg3 Rde6 27. Re1 f5 28. gxf5 gxf5 29. g4 fxe4 30. f5 Re5 31. f6 Qc7 32. g5 Qf7 33. Rg1 d3 34. g6 hxg6 0-1

[Event "Moscow-ch sf"]
[Site "Moscow"]
[Date "2010.03.07"]
[Round "2"]
[White "Arslanov, Shamil"]
[Black "Dzhumaev, Almir"]
[Result "1-0"]
[WhiteElo "2403"]
[BlackElo "2196"]
[PlyCount "105"]
[EventDate "2010.03.06"]
[EventType "swiss"]
[EventRounds "9"]
[EventCountry "RUS"]
[SourceTitle "CBM 135 Extra"]
[Source "ChessBase"]
[SourceDate "2010.05.04"]
[SourceVersion "1"]
[SourceVersionDate "2010.05.04"]
[SourceQuality "1"]

1. e4 e5 2. Nf3 Nc6 3. Bb5 a6 4. Bxc6 dxc6 5. 0-0 Qd6 6. b3 Bg4 7. Bb2 Qf6 8. d3 Ne7 9. Nbd2 Ng6 10. d4 Bd6 11. Qe1 0-0 12. dxe5 Nxe5 13. Nxe5 Bxe5 14. Bxe5 Qxe5 15. Nc4 Qd4 16. Qe3 Qxe3 17. Nxe3 Be6 18. f4 f6 19. Rfd1 Rfd8 20. Kf2 Kf8 21. g4 a5 22. Kf3 b6 23. h4 Ke7 24. f5 Bf7 25. Kf4 a4 26. Rxd8 Kxd8 27. Rd1+ Ke7 28. e5 fxe5+ 29. Kxe5 axb3 30. axb3 h5 31. g5 Ra5+ 32. Kf4 Bd5 33. c4 Bg8 34. f6+ gxf6 35. Nf5+ Ke6 36. Re1+ Re5 37. Nd4+ Kd6 38. Rd1 fxg5+ 39. hxg5 Ra5 40. b4 Ra2 41. Nf5+ Ke6 42. Re1+ Kd7 43. Re7+ Kd8 44. Re4 c5 45. bxc5 bxc5 46. Ne7 Rf2+ 47. Kg3 Rf8 48. Nxg8 Rxg8 49. Kh4 Re8 50. Rxe8+ Kxe8 51. Kxh5 Kf8 52. Kh6 Kg8 53. g6 1-0